Normal view
MARC view
- H4CPlus Series
Entry Topical Term
001 - CONTROL NUMBER
- control field: 105884
003 - CONTROL NUMBER IDENTIFIER
- control field: NUST
005 - DATE AND TIME OF LATEST TRANSACTION
- control field: 20221226110714.0
008 - FIXED-LENGTH DATA ELEMENTS
- fixed length control field: 221226|| aca||aabn | a|a d
040 ## - CATALOGING SOURCE
- Original cataloging agency: NUST
- Transcribing agency: NUST
150 ## - HEADING--TOPICAL TERM
- Topical term or geographic name entry element: H4CPlus Series
670 ## - SOURCE DATA FOUND
- Source citation: Work cat.: (NUST)189158: Motorola 66183, H4CPlus Series :
